000 00432 a2200121 4500
001 ART_23819
005 20260410161850.0
008 260409a
245 1 0 _aAcerca de las ventajas comparadas de sistemas de "Crawling-Peg" activo y pasivo en la economía pequeña
100 1 _aMartirena-Mantel, Ana María
700 1 _aMantel, Rolf R.
773 0 _tEconómica
_g- Año XXXI, Nº 2/3 (mayo/dic. 1985)
_wREV7541
999 _c24885
_d24885